| 000 | 00727cam a22001938i 4500 | ||
|---|---|---|---|
| 020 | _a0803124708 | ||
| 040 | _cDLC | ||
| 082 | 0 | 0 | _a624 WAS 1997 A052 Or. |
| 245 | 0 | 0 | _aTesting soil mixed with waste or recycled materials / |
| 300 |
_axiv, 335 pages : _billustrations ; _c24 cm |
||
| 490 | 1 | _aSTP ; | |
| 500 | _a"ASTM Publication Code Number (PCN): 04-012750-38" | ||
| 500 | _a"This publication, Testing soil mixed with waste or recycled materials, contains papers presented at the symposium of the same name held in New Orleans, Louisiana on 16-17 January 1997"--Foreword | ||
| 650 | 0 | _aSoil stabilization | |
| 650 | 0 | _aWaste products | |
| 700 | 1 | _aWasemiller, Mark A., | |
| 700 | 1 | _aHoddinott, Keith B., | |
| 942 | _cEK | ||
| 999 |
_c14566 _d14566 |
||